Canadian Provinces and Territories - Shape Quiz - Statistics

General Stats
  • This quiz has been taken 2,118 times
    2,094 since last reset
  • The average score is 10 of 13
Answer Stats
Country % Correct
Quebec
90%
Alberta
84%
Saskatchewan
84%
Ontario
83%
British Columbia
77%
Nunavut
76%
Yukon
73%
Manitoba
72%
Nova Scotia
70%
Prince Edward Island
67%
New Brunswick
66%
Newfoundland and Labrador
65%
Northwest Territories
62%
No matching quizzes found
Score Distribution
Percent of People with Each Score
Percentile by Number Answered
Your Score History
You have not taken this quiz since the last reset